Teoría crítica del sujeto : ensayos sobre psicoanálisis y materialismo histórico /

Guardado en:
Detalles Bibliográficos
Autor principal: Jensen, Henning (coord. y tr.)
Otros autores: Adorno, Theodor W. (autor) (autor)
Formato: Libro
Idioma:Español
Publicado: México : Siglo XXI, 1986, c1986
Colección:(Filosofía Siglo XXI)
Temas:
Etiquetas: Agrega una etiqueta

MARC

LEADER 00000nam^a2200000^a^4500
001 000266833
005 20250521000000.0
009 20260310110804.463
020 |a 968-23-1318-X 
037 |a Acervo ITESO - Biblioteca 
041 |a ESP 
082 |a 150. 195  |b JEN 
100 |a Jensen, Henning  |e (coord. y tr.) 
245 1 0 |a Teoría crítica del sujeto :  |b ensayos sobre psicoanálisis y materialismo histórico /  |c T.W. Adorno... [et al.] ; coord. y tr. por H. Jensen. 
264 4 |a México :  |b Siglo XXI,  |c 1986, c1986 
300 |a 202 p. 
336 |a texto  |b txt  |2 rdacontenido 
337 |a sin mediación  |b n  |2 rdamedio 
338 |a volumen  |b nc  |2 rdasoporte 
440 1 |a (Filosofía Siglo XXI) 
649 |a XX 
650 |a Materialismo Histórico -  |x Tema Principal 
650 |a Psicoanálisis -  |x Tema Principal 
650 |a Marxismo -  |x Historia y Crítica 
650 |a Psicología 
700 |a Adorno, Theodor W.  |e (autor) 
910 |a Fondo Armando Suárez Gómez 
920 |a Impresos - Libros 
930 |a Fondos Especiales 
905 |a 111 
901 |a 0700002318  |b IT2  |c ESP  |u 20250521 
901 |a 0700002319  |b IT2  |c ESP  |u 20250521 
902 |a https://opac.biblio.iteso.mx/vufind/Record/000266833